000 01105cad a22002175a 4500
001 E147007
008 090323s2009 xxk f 000 0 eng d
035 _a(Sirsi) u147007
041 0 _aeng
050 0 4 _a333.33 $2 18
110 2 _aJones Lang LaSalle
_93755
245 0 0 _aOnshore, nearshore, offshore, unsure?
_ba Central & Eastern European perspective
_h[electronic resource]
260 _a[S.l.]
_bJLL
_c2009
520 _aSuggests that the Central and Eastern European (CEE) countries of Poland, the Czech Republic, Hungary and Romania can offer a great deal to occupiers. The report covers issues such as the economics and demographics of these four countries, as well as labour markets and related costs, government investment incentives and business conditions. Also examines real estate options and conditions.
521 _aAdvanced
590 _aKA
651 4 _aEurope
690 _aPROPERTY-COMMERCIAL PROPERTY-COMMERCIAL PROPERTY MARKET
856 4 8 _uhttps://www.joneslanglasalle.eu
_zView the report free of charge (requires registration) at www.joneslanglasalle.eu...
942 _n0
999 _c109394
_d109394